| 000 | 01082cam a2200313 a 4500 | ||
|---|---|---|---|
| 999 |
_c22933 _d22933 |
||
| 001 | 3411593 | ||
| 003 | BDDh-ASL | ||
| 005 | 20231015030157.0 | ||
| 008 | 890504s1948 ii acf f011 0beng | ||
| 010 | _a 89901116 | ||
| 025 | _aLC E 1363 | ||
| 040 |
_aDLC _cDLC _dDLC _dBDDh-ASL |
||
| 043 |
_aa-ii--- _ae-uk-en |
||
| 050 | 0 | 0 |
_aPK109.J6 _bS58 1948 |
| 082 | 0 | 0 |
_a954.0072 _220 _bROS |
| 245 | 0 | 0 |
_aSir William Jones, bicentenary of his birth : _bcommemoration volume, 1746-1946 / |
| 260 |
_aCalcutta : _bRoyal Asiatic Society of Bengal, _c1948. |
||
| 300 |
_axi, 2, 170 p., [9] leaves of plates : _bill., ports. (some col.) ; _c26 cm. |
||
| 500 | _aIncludes index. | ||
| 600 | 1 | 0 |
_aJones, William, _d1746-1794. |
| 650 | 0 |
_aSanskritists _zGreat Britain _vBiography. |
|
| 650 | 0 |
_aAsianists _zGreat Britain _vBiography. |
|
| 651 | 0 |
_aIndia _xCivilization _yTo 1200. |
|
| 700 | 1 |
_aJones, William, _d1746-1794. |
|
| 710 | 2 | _aAsiatic Society of Bengal. | |
| 906 |
_a7 _bcbc _corignew _d3 _encip _f19 _gy-gencatlg |
||
| 942 |
_2ddc _cBK |
||